000
00179 a2200097 4500
020
_a
9781451628609
041
_a
eng
100
_a
J.A Jance
245
_a
Left for Dead
942
_c
K
999
_c
26970
_d
26970